000 01454nam a22002417a 4500
005 20110811150131.0
010 _a B-428678-679
020 _c175.00
_a8175362855
035 _a B-428678-679
037 _bResearchco Book Centre
082 0 0 _a954.2
100 1 _aSherring, M. A.
_q(Matthew Atmore),
_d1826-1880.
_932887
245 1 0 _aBenares, the sacred City of the Hindus, in ancient and modern times /
_cby M. A. Sherring ; with an introd. by Fitzedward Hall.
260 _aDelhi :
_bLow Price Publications,
_c2002.
270 _aA-6, Nimri Comercial centre, Ashok Vihar-IV,
_bNew delhi
_e110052
300 _axxxvi, 388 p., [8] leaves of plates :
_bill. ;
_c22 cm. (Hb)
500 _aReprint of the 1868 ed. published by Trubner, London under title: The sacred city of the Hindus: an account of Benares in ancient and modern times.
500 _aIncludes index.
942 _2ddc
_cEN
_h954.2
_mSHE
999 _c55268
_d55268